000 00323nam a2200121Ia 4500
005 20251222141848.0
008 251222s9999||||xx |||||||||||||| ||spa||
082 _a278.385/S21
100 _aSan José, Francisco
245 0 _aCartas e Informes sobre Ocopa y sus Misiones
264 _bConvento de los Descalzos
942 _cLIB
999 _c7645
_d7645